000 00462cam a2200145 4500500
005 20251012031724.0
041 _afre
042 _adc
100 1 0 _aMartin, Hervé
_eauthor
245 0 0 _aIn Memoriam
260 _c2025.
500 _a82
786 0 _nBulletin de l’Amitié Charles Péguy | 185 | 1 | 2025-05-13 | p. 91-94 | 0180-8567
856 4 1 _uhttps://shs.cairn.info/bulletin-de-l-amitie-charles-peguy-2025-1-page-91?lang=fr&redirect-ssocas=7080
999 _c1546344
_d1546344